Football quizz en K - Statistiques

Statistiques générales
  • Ce quiz a été pris 206 fois
  • Le résultat moyen est 7 sur 10
Statistiques - réponses
Hint Réponse % Correct
Célèbre joueur Brésilien, il a gagné la coupe du monde en 2002 et le ballon d'or en 2007. Kaka
99%
Prénom du dernier joueur français à avoir gagné le Ballon d'or après une énorme saison avec le Real Madrid Karim
98%
Joueur français réputé pour "avoir stopé Leo Messi" lors de la coupe du monde 2018; Kanté
90%
Défenseur du PSG, blessé depuis de nombreux mois. Une vidéo de lui tourne ou il a su s'en sortir seul face a 5 attaquants Lillois il y a quelques saisons. Kimpembe
85%
Défenseur Sénégalais, formé au FC Metz qui a connu son prime a Naples et désormais en Arabie Saoudite Koulibaly
81%
Milieu croate passé par le Real Madrid, Chelsea ou encore Manchester City. Il a 4 LDC a son actif Kovacic
79%
Légende du football néerlandais, devenu par la suite entraineur Koeman
60%
Prénom d'un ailier français connu pour son explosivité sur son côté gauche. Egalement connu pour avoir gagné la casi totalité des championnats dans lesquels il est passé. Kingsley
59%
Actuel jeune buteur de Salzbourg, joueur à très fort potentiel Konate
12%
Nom d’un célèbre club de football en Allemagne évoluant dans les divisions inférieures. Actuellement en deuxième division. Karlsruhe
8%
Aucun quiz correspondant
Distribution des résultats
% des personnes avec chaque résultat
Percentile par nombre de réponses
Votre historique - résultats
Vous n’avez pas pris ce quiz